000 00431nam a22001697a 4500
003 MPLRDC
005 20220104113841.0
008 210129b ||||| |||| 00| 0 eng d
082 _a857.62 KNDE-8
100 _a柯南道尔
245 _a巴斯克维尔的猎犬
_c倏萤译
260 _a
_b香港日新书店
_c1960
300 _b
490 _a福尔摩斯侦探案
650 _a推理小说
942 _cBK
_o857.62 KNDE-8
999 _c2856
_d2846